Анализ постоянной времени апериодической составляющей тока трёхфазного короткого замыкания; Современные техника и технологии; Т. 1

Podrobná bibliografie
Parent link:Современные техника и технологии: сборник трудов XVI Международной научно-практической конференции студентов, аспирантов и молодых ученых, Томск, 12-16 апреля 2010 г/ Национальный исследовательский Томский политехнический университет (ТПУ).— , 2010
Т. 1.— 2010.— [С. 59-60]
Hlavní autor: Калинина В. А.
Další autoři: Космынина Н. М. Нина Михайловна
Shrnutí:Заглавие с титульного листа
Электронная версия печатной публикации
Jazyk:ruština
Vydáno: 2010
Témata:
On-line přístup:http://www.lib.tpu.ru/fulltext/v/Conferences/2010/K04/104028.pdf
Médium: Elektronický zdroj Kapitola
KOHA link:https://koha.lib.tpu.ru/cgi-bin/koha/opac-detail.pl?biblionumber=226248

MARC

LEADER 00000nla2a2200000 4500
001 226248
005 20240219162746.0
035 |a (RuTPU)RU\TPU\book\246618 
035 |a RU\TPU\book\246609 
090 |a 226248 
100 |a 20121120d2010 k y0rusy50 ca 
101 0 |a rus 
102 |a RU 
105 |a y z 101zy 
135 |a drnn ---uucaa 
181 0 |a i  
182 0 |a b 
200 1 |a Анализ постоянной времени апериодической составляющей тока трёхфазного короткого замыкания  |f В. А. Калинина, Н. М. Космынина 
203 |a Текст  |c электронный 
215 |a 1 файл (235 Кб) 
300 |a Заглавие с титульного листа 
300 |a Электронная версия печатной публикации 
337 |a Adobe Reader 
461 0 |0 (RuTPU)RU\TPU\book\245271  |t Современные техника и технологии  |o сборник трудов XVI Международной научно-практической конференции студентов, аспирантов и молодых ученых, Томск, 12-16 апреля 2010 г  |o в 3 т.  |f Национальный исследовательский Томский политехнический университет (ТПУ)  |d 2010 
463 0 |0 (RuTPU)RU\TPU\book\245275  |t Т. 1  |v [С. 59-60]  |d 2010  |p [511 с.] 
610 1 |a короткие замыкания 
610 1 |a постоянные времени 
610 1 |a трехфазные короткие замыкания 
610 1 |a составляющие 
610 1 |a электрический ток 
610 1 |a анализ 
610 1 |a электронный ресурс 
610 1 |a труды учёных ТПУ 
700 1 |a Калинина  |b В. А. 
701 1 |a Космынина  |b Н. М.  |c специалист в области электроэнергетики  |c доцент Томского политехнического университета, кандидат технических наук  |f 1953-  |g Нина Михайловна  |3 (RuTPU)RU\TPU\pers\26575  |9 12264 
801 1 |a RU  |b 63413507  |c 20121116 
801 2 |a RU  |b 63413507  |c 20130418  |g RCR 
856 4 |u http://www.lib.tpu.ru/fulltext/v/Conferences/2010/K04/104028.pdf 
942 |c CF